Coupes du Monde de Football: Mexique - Statistiques

Statistiques générales
  • Ce quiz a été pris 87 fois
  • Le résultat moyen est 31 sur 37
Statistiques - réponses
Réponse % Correct
Brésil
100%
RFA
100%
Argentine
99%
France
99%
Allemagne
97%
Etats-Unis
95%
Pologne
95%
Suède
95%
URSS
95%
Corée du Sud
93%
Italie
92%
Pays-Bas
92%
Portugal
92%
Espagne
91%
Uruguay
91%
Angleterre
89%
Belgique
89%
Afrique du Sud
87%
Cameroun
87%
Suisse
87%
Yougoslavie
87%
Arabie Saoudite
84%
Croatie
84%
Chili
83%
Irlande
79%
Hongrie
78%
Paraguay
78%
Equateur
74%
Norvège
74%
Tchécoslovaquie
74%
Bulgarie
72%
Iran
70%
Tunisie
67%
Pays de Galles
59%
Irak
57%
Angola
39%
Salvador
33%
Aucun quiz correspondant
Distribution des résultats
% des personnes avec chaque résultat
Percentile par nombre de réponses
Votre historique - résultats
Vous n’avez pas pris ce quiz